[Event "TCh-TUR 2011"]
[Site "Konya TUR"]
[Date "2011.07.01"]
[Round "4"]
[White "Alev, Gonulden Seda"]
[Black "Ustundag, Nefise Melis"]
[Result "1-0"]
[WhiteElo "1605"]
[BlackElo "1695"]
[WhiteTeam "Yesilkoy Spor Kulubu"]
[BlackTeam "Deniz Genclik S.K."]
[WhiteFideId "6301428"]
[BlackFideId "6325637"]
[EventDate "2011.06.28"]

1. e4 e5 2. Nf3 Nc6 3. d4 exd4 4. Bc4 Nf6 5. O-O d5 6. exd5 Nxd5 7. Re1+ Be7 8.
Nxd4 Nb6 9. Bb5 Bd7 10. Nxc6 bxc6 11. Bd3 O-O 12. Nc3 Re8 13. Qf3 Bf8 14. Be3
Re6 15. Rad1 Qc8 16. Qe2 Rb8 17. Qd2 Bb4 18. Qc1 Nd5 19. Bd2 Nxc3 20. bxc3 Bd6
21. Be3 a5 22. c4 Be5 23. c3 Qd8 24. c5 Bf6 25. Bf5 Re7 26. Qd2 Rxe3 27. Qxe3
Bg5 28. Qf3 Qf6 29. Bxd7 Qg6 30. Qe4 Qxe4 31. Rxe4 Kf8 32. Bxc6 Bf6 33. Rde1 g6
34. Re8+ Rxe8 35. Rxe8+ Kg7 36. c4 Bd4 37. Ra8 Bxc5 38. Rxa5 Bb6 39. Rb5 Kf6 40.
a4 Ke6 41. a5 Bd4 42. c5 1-0

[Event "TCh-TUR 2011"]
[Site "Konya TUR"]
[Date "2011.07.01"]
[Round "4"]
[White "Ererdem, Gani Eren"]
[Black "Deviren, Erdi"]
[Result "1-0"]
[WhiteElo "1996"]
[BlackElo "1927"]
[WhiteTeam "Deniz Genclik S.K."]
[BlackTeam "Yesilkoy Spor Kulubu"]
[WhiteFideId "6310915"]
[BlackFideId "6319831"]
[EventDate "2011.06.28"]

1. e4 c5 2. Nf3 d6 3. d4 cxd4 4. Nxd4 Nf6 5. Nc3 g6 6. Be3 Bg7 7. f3 a6 8. Bc4
b5 9. Bb3 Bb7 10. Qd2 h5 11. O-O-O Nbd7 12. h3 Nb6 13. Kb1 Nc4 14. Bxc4 bxc4 15.
Rhe1 Qc7 16. g4 Rb8 17. Bg5 Ba8 18. b3 e5 19. Nde2 Rd8 20. Ng3 h4 21. Nf1 Rd7
22. Ne3 cxb3 23. axb3 O-O 24. Bxh4 Rc8 25. Kb2 Bb7 26. Re2 Ba8 27. Bxf6 Bxf6 28.
Ncd5 Qd8 29. Nc4 Bg5 30. Qa5 Qxa5 31. Nxa5 Rc5 32. b4 Rb5 33. c4 Bxd5 34. cxb5 1-0

[Event "TCh-TUR 2011"]
[Site "Konya TUR"]
[Date "2011.07.01"]
[Round "4"]
[White "Karakehajov, Kalin"]
[Black "Agamaliev, Gamil"]
[Result "1/2-1/2"]
[WhiteTitle "IM"]
[BlackTitle "GM"]
[WhiteElo "2493"]
[BlackElo "2523"]
[WhiteTeam "Bursa Tophane Meslek Lisesi S.K."]
[BlackTeam "Yapi Kredi Spor Kulubu"]
[WhiteFideId "2906430"]
[BlackFideId "13400215"]
[EventDate "2011.06.28"]

1. e4 e5 2. Bc4 Nf6 3. Nc3 Bc5 4. d3 d6 5. Na4 Be6 6. Bxe6 fxe6 7. Nxc5 dxc5 8.
c3 O-O 9. Qb3 Qxd3 10. Qxb7 Nbd7 11. Qc6 Nxe4 12. f3 Nef6 13. Nh3 Rab8 14. Qxe6+
Kh8 15. Nf2 Qg6 16. O-O Rbe8 17. Qa6 Nb6 18. Be3 Nfd5 19. Bxc5 Rxf3 20. Kh1 Rf6
21. Nh3 Qc2 22. Qxa7 Qxb2 23. c4 Rxf1+ 24. Rxf1 Qe2 25. Rc1 Ne3 26. Bxe3 Qxe3
27. Rf1 Qc5 28. Rf7 Rc8 29. Ng5 h6 30. Nf3 e4 31. Ng1 Qxc4 32. Re7 Nd5 33. Re5
Nf6 34. h3 Kh7 35. Qf2 Rb8 36. Re7 Kh8 37. Qg3 Rg8 38. a3 c5 39. Rc7 Qd3 40. Qe5
c4 41. Rc6 Re8 42. Qc7 e3 43. Qf7 e2 44. Nxe2 Qxe2 45. Rxf6 gxf6 1/2-1/2

[Event "TCh-TUR 2011"]
[Site "Konya TUR"]
[Date "2011.07.01"]
[Round "4"]
[White "Guliev, Logman"]
[Black "Gurcan, Selim"]
[Result "1/2-1/2"]
[WhiteTitle "IM"]
[BlackTitle "FM"]
[WhiteElo "2459"]
[BlackElo "2240"]
[WhiteTeam "Yapi Kredi Spor Kulubu"]
[BlackTeam "Bursa Tophane Meslek Lisesi S.K."]
[WhiteFideId "13400061"]
[BlackFideId "6300383"]
[EventDate "2011.06.28"]

1. e4 e5 2. Nf3 Nc6 3. Bb5 a6 4. Ba4 Nf6 5. O-O Be7 6. Re1 b5 7. Bb3 Bb7 8. c3
d5 9. exd5 Nxd5 10. d4 exd4 11. cxd4 O-O 12. Nc3 Nxc3 13. bxc3 Na5 14. Bc2 Nc4
15. a4 Bf6 16. Rb1 Bc6 17. Bd3 Re8 18. Rxe8+ Qxe8 19. Bf4 Qe7 20. d5 Bxd5 21.
Bxh7+ Kxh7 22. Qxd5 Rd8 23. Qh5+ Kg8 24. Re1 Qd7 25. Bg5 Qf5 26. Qh4 Ne5 27.
Bxf6 Nxf3+ 28. gxf3 Qxf6 29. Qxf6 gxf6 30. axb5 axb5 31. Re7 c5 32. Rb7 Rd3 33.
Rxb5 Rxc3 34. Kf1 Rc2 35. Ke1 Kg7 36. Kd1 Rxf2 37. Rxc5 Rxh2 38. Ke1 Kg6 39. Kf1
f5 40. Kg1 Re2 41. Kf1 Ra2 42. Kg1 Kg5 43. Rc4 Rb2 44. Ra4 f6 45. Rc4 f4 46. Rc8
Kf5 1/2-1/2

[Event "TCh-TUR 2011"]
[Site "Konya TUR"]
[Date "2011.07.01"]
[Round "4"]
[White "Korkmaz, Necmettin"]
[Black "Yagiz, Yasin Emrah"]
[Result "0-1"]
[BlackTitle "FM"]
[WhiteElo "2189"]
[BlackElo "2256"]
[WhiteTeam "Bursa Tophane Meslek Lisesi S.K."]
[BlackTeam "Yapi Kredi Spor Kulubu"]
[WhiteFideId "6303285"]
[BlackFideId "6303684"]
[EventDate "2011.06.28"]

1. e4 e5 2. Nf3 Nc6 3. Bb5 a6 4. Bxc6 dxc6 5. O-O f6 6. d4 exd4 7. Nxd4 c5 8.
Ne2 Qxd1 9. Rxd1 Bd7 10. Be3 O-O-O 11. Nbc3 Re8 12. Rd2 Bc6 13. Rad1 b6 14. a4
Ne7 15. Nf4 Ng6 16. Nxg6 hxg6 17. a5 b5 18. Bf4 c4 19. Nd5 Bxd5 20. Rxd5 Bb4 21.
c3 Bxa5 22. Ra1 Rxe4 23. Be3 Bb6 24. Rxa6 Kb7 25. Rxb6+ cxb6 26. Rd7+ Ka6 27.
Rxg7 Rd8 28. g3 Rxe3 29. fxe3 Rd2 30. Rxg6 Rxb2 31. Rxf6 b4 32. Rf1 bxc3 33. Rc1
c2 34. Kg2 b5 35. h4 b4 36. h5 b3 37. h6 Rb1 38. h7 Rxc1 39. h8=Q Rg1+ 40. Kxg1
c1=Q+ 41. Kf2 Qd2+ 42. Kf3 b2 43. Qa8+ Kb5 44. Qb7+ Ka4 45. Qa6+ Kb3 46. Qb5+
Qb4 47. Qf5 0-1

[Event "TCh-TUR 2011"]
[Site "Konya TUR"]
[Date "2011.07.01"]
[Round "4"]
[White "Arat, Ufuk Sezen"]
[Black "Vatansever, Berk"]
[Result "1-0"]
[WhiteElo "2053"]
[BlackElo "1717"]
[WhiteTeam "Yapi Kredi Spor Kulubu"]
[BlackTeam "Bursa Tophane Meslek Lisesi S.K."]
[WhiteFideId "6309089"]
[BlackFideId "6324738"]
[EventDate "2011.06.28"]

1. e4 c6 2. d4 d5 3. Nd2 dxe4 4. Nxe4 Bf5 5. Ng3 Bg6 6. h4 h6 7. Nf3 Nd7 8. h5
Bh7 9. Bd3 Bxd3 10. Qxd3 Ngf6 11. Bd2 Qc7 12. O-O-O e6 13. Ne4 O-O-O 14. g3 Nxe4
15. Qxe4 Bd6 16. c4 c5 17. Bc3 Nf6 18. Qe2 cxd4 19. Rxd4 Bc5 20. Rf4 Qe7 21. Ne5
Bd6 22. Kb1 Rhf8 23. Rf3 Bb4 24. Bxb4 Qxb4 25. Rb3 Qc5 26. Rc1 Qc7 27. c5 Rd5
28. c6 b6 29. Qa6+ Kb8 30. Nc4 Qc8 31. Qa3 Rfd8 32. Nxb6 axb6 33. Rxb6+ Kc7 34.
Rb7+ 1-0

[Event "TCh-TUR 2011"]
[Site "Konya TUR"]
[Date "2011.07.01"]
[Round "4"]
[White "Ulusoy, Nisan"]
[Black "Keskin, Suara"]
[Result "1/2-1/2"]
[WhiteElo "1585"]
[BlackElo "1693"]
[WhiteTeam "Bursa Tophane Meslek Lisesi S.K."]
[BlackTeam "Yapi Kredi Spor Kulubu"]
[WhiteFideId "6322247"]
[BlackFideId "6332650"]
[EventDate "2011.06.28"]

1. e4 c5 2. Nf3 Nc6 3. d4 cxd4 4. Nxd4 Nf6 5. Nc3 e5 6. Ndb5 d6 7. Bg5 a6 8. Na3
b5 9. Nd5 Be7 10. Bxf6 Bxf6 11. c4 b4 12. Nc2 a5 13. Be2 O-O 14. O-O Bg5 15. Qd3
Be6 16. Rad1 Ra7 17. Kh1 Ne7 18. Nce3 Bxe3 19. Qxe3 Rb7 20. c5 Bxd5 21. exd5
dxc5 22. Qxc5 Qb6 23. Qxb6 Rxb6 24. f4 e4 25. d6 Nf5 26. d7 Rd8 27. Rfe1 Nd6 28.
Bg4 f5 29. Bh3 Kf7 30. Rd5 g6 31. g4 Rxd7 32. gxf5 Ra7 33. fxg6+ hxg6 34. f5 g5
35. Bg2 Kf6 36. Bxe4 Re7 37. Rd4 Rxe4 38. Rexe4 Nxe4 39. Rxe4 Kxf5 40. Rc4 Rb5
41. Kg2 Rd5 42. Rc2 g4 43. Rf2+ Kg5 44. b3 Rf5 45. Rxf5+ Kxf5 46. Kf1 Ke5 47.
Ke1 Ke4 48. Ke2 Kd4 49. Kd2 Ke4 50. Ke2 Kd4 51. Kd2 Ke4 52. Ke2 Kd4 53. Kd2 Ke4
54. Ke2 Ke5 1/2-1/2

[Event "TCh-TUR 2011"]
[Site "Konya TUR"]
[Date "2011.07.01"]
[Round "4"]
[White "Atakisi, Umut"]
[Black "Mirzoev, Azer"]
[Result "0-1"]
[WhiteTitle "IM"]
[BlackTitle "GM"]
[WhiteElo "2370"]
[BlackElo "2481"]
[WhiteTeam "Besiktas Jimnastik Kulubu"]
[BlackTeam "Mersin Ezgi Satranc Kulubu"]
[WhiteFideId "6301037"]
[BlackFideId "13400304"]
[EventDate "2011.06.28"]

1. d4 d5 2. Nf3 c6 3. e3 Bg4 4. c4 e6 5. Nc3 Nd7 6. Bd2 Ngf6 7. h3 Bh5 8. Qb3
Qb6 9. Qxb6 axb6 10. g4 Bg6 11. Nh4 dxc4 12. g5 Nd5 13. Nxg6 hxg6 14. Bxc4 b5
15. Bb3 N7b6 16. Ke2 Be7 17. f4 Nc4 18. a4 Nxd2 19. Kxd2 bxa4 20. Nxd5 exd5 21.
Rxa4 Rxa4 22. Bxa4 f6 23. gxf6 gxf6 24. Bc2 f5 25. Ke2 Kf7 26. Kf3 Kf6 27. Bb3
Ra8 28. Rd1 Ra6 29. Rc1 Rb6 30. Rc3 Rb4 31. Kg3 Ke6 32. Kf3 Bh4 33. Ke2 g5 34.
fxg5 Bxg5 35. Rd3 Kf6 36. Kf3 Bh6 37. h4 Bf8 38. Bd1 Rxb2 39. Rb3 Rxb3 40. Bxb3
Bh6 41. Ba2 Ke7 42. Bb1 Ke6 43. Bc2 b6 44. Ba4 c5 45. dxc5 bxc5 46. Bb5 Ke5 47.
Be8 c4 48. Bd7 f4 49. exf4+ Bxf4 50. Be8 Bh6 51. Bf7 Kd4 52. Bg8 Kc5 53. Bf7 d4
54. Ke4 d3 55. Be6 Kb4 56. Kd4 Bg7+ 57. Ke3 Kc3 58. Bf5 Bh6+ 59. Kf2 Kd4 0-1

[Event "TCh-TUR 2011"]
[Site "Konya TUR"]
[Date "2011.07.01"]
[Round "4"]
[White "Sengul, Cengiz"]
[Black "Citak, Selim"]
[Result "1/2-1/2"]
[BlackTitle "FM"]
[WhiteElo "2225"]
[BlackElo "2356"]
[WhiteTeam "Mersin Ezgi Satranc Kulubu"]
[BlackTeam "Besiktas Jimnastik Kulubu"]
[WhiteFideId "6302785"]
[BlackFideId "6301819"]
[EventDate "2011.06.28"]

1. Nf3 Nf6 2. d4 c5 3. c4 e6 4. Nc3 cxd4 5. Nxd4 a6 6. a3 Qc7 7. e3 Be7 8. Be2
O-O 9. O-O b6 10. Bf3 Ra7 11. e4 d6 12. Be3 Nbd7 13. Be2 Bb7 14. f3 Re8 1/2-1/2

[Event "TCh-TUR 2011"]
[Site "Konya TUR"]
[Date "2011.07.01"]
[Round "4"]
[White "Sumer, Gun"]
[Black "Emiroglu, Cankut"]
[Result "0-1"]
[WhiteElo "1828"]
[BlackElo "2216"]
[WhiteTeam "Mersin Ezgi Satranc Kulubu"]
[BlackTeam "Besiktas Jimnastik Kulubu"]
[WhiteFideId "6311784"]
[BlackFideId "6306659"]
[EventDate "2011.06.28"]

1. e4 c5 2. Nf3 Nc6 3. d4 cxd4 4. Nxd4 g6 5. c4 Nf6 6. Nc3 d6 7. Be3 Ng4 8. Nxc6
bxc6 9. Bf4 Qb6 10. Qc2 Bg7 11. h3 Ne5 12. Be3 c5 13. Nd5 Qb7 14. Bg5 Nc6 15.
Rb1 O-O 16. Qd2 Rb8 17. b3 f5 18. exf5 Bxf5 19. Bd3 e6 20. Ne3 Bxd3 21. Qxd3
Qb4+ 22. Kf1 Bd4 23. Rd1 Qa3 24. Rd2 Nb4 25. Qb1 d5 26. Nc2 Nxc2 27. Qxc2 Rf5
28. Bh4 Qa6 29. g4 Rf7 30. Kg2 Qc6 31. Kh2 Be5+ 32. Bg3 Bxg3+ 33. fxg3 d4 34.
Rf2 Rxf2+ 35. Qxf2 Rf8 36. Qg2 Qxg2+ 37. Kxg2 e5 38. g5 e4 39. Re1 e3 40. Re2
Rf7 41. g4 Kf8 0-1

[Event "TCh-TUR 2011"]
[Site "Konya TUR"]
[Date "2011.07.01"]
[Round "4"]
[White "Sevgi, Volkan"]
[Black "Ali Marandi, Cemil Can"]
[Result "0-1"]
[BlackTitle "FM"]
[WhiteElo "1912"]
[BlackElo "2265"]
[WhiteTeam "Mersin Ezgi Satranc Kulubu"]
[BlackTeam "Besiktas Jimnastik Kulubu"]
[WhiteFideId "6325335"]
[BlackFideId "6300529"]
[EventDate "2011.06.28"]

1. e4 e6 2. d4 d5 3. Nd2 c5 4. exd5 exd5 5. Ngf3 Nf6 6. Bb5+ Bd7 7. Bxd7+ Nbxd7
8. O-O Be7 9. dxc5 Nxc5 10. Nb3 Nce4 11. Nfd4 Qd7 12. Qf3 O-O 13. Nf5 Bd8 14.
Be3 Re8 15. Bd4 Bc7 16. Nc5 Qc6 17. Nb3 Rad8 18. c3 Bb8 19. Rfe1 Qe6 20. Kh1 b6
21. Re2 a5 22. Rae1 a4 23. Nc1 Kh8 24. c4 Be5 25. Bxe5 Qxe5 26. Nd3 Qe6 27. cxd5
Qxd5 28. Nb4 Nxf2+ 29. Qxf2 Rxe2 30. Qxe2 Qxf5 31. Nc6 Rf8 32. Qe7 Qc8 33. Qd6
Re8 34. Rc1 h6 35. h3 Ne4 36. Qf4 Qe6 37. Nb4 Nc5 38. Rf1 f6 39. a3 Qe5 40. Qxe5
Rxe5 41. Rf2 Re1+ 42. Kh2 Rd1 43. Re2 Kh7 44. Kg3 Nd7 45. Na2 Nc5 46. Nc3 Rd4
47. Kf3 Kg6 48. Ke3 Rd7 49. Kf3 Kf7 50. g3 Rd3+ 51. Kf2 h5 52. Ne4 Nxe4+ 53.
Rxe4 Rd2+ 54. Kf3 b5 55. Rb4 Rd3+ 56. Kf4 g5+ 57. Kf5 Rf3+ 58. Ke4 Rxg3 59. Rxb5
Rxh3 60. Rb7+ Kg6 61. Rb4 Rg3 62. Rb8 h4 63. Rg8+ Kf7 64. Ra8 Kg7 65. Kf5 Rf3+
66. Kg4 Rf4+ 67. Kh5 h3 68. Ra7+ Kf8 69. Rc7 h2 0-1

[Event "TCh-TUR 2011"]
[Site "Konya TUR"]
[Date "2011.07.01"]
[Round "4"]
[White "Melia, Salome"]
[Black "Paichadze, Luka"]
[Result "0-1"]
[WhiteTitle "IM"]
[BlackTitle "IM"]
[WhiteElo "2444"]
[BlackElo "2489"]
[WhiteTeam "Turk Hava Yollari S.K."]
[BlackTeam "Tarsus Zeka Satranc S.K."]
[WhiteFideId "13602446"]
[BlackFideId "13602934"]
[EventDate "2011.06.28"]

1. e4 Nc6 2. Nf3 d6 3. d4 Bg4 4. d5 Nb8 5. Be2 Nf6 6. Nc3 g6 7. h3 Bxf3 8. Bxf3
Bg7 9. O-O O-O 10. Bf4 c6 11. e5 Nxd5 12. Bxd5 cxd5 13. Qxd5 dxe5 14. Qxb7 Nc6
15. Qxc6 exf4 16. Nd5 e6 17. Nxf4 Bxb2 18. Rab1 Bd4 19. Rb7 Qf6 20. Qe4 Rac8 21.
Rb4 Rfd8 22. g3 Bb6 23. Rc4 Rxc4 24. Qxc4 Rd2 25. a4 h5 26. h4 Qf5 27. Nd3 Qf3
28. Nc5 Rd5 29. Qe4 Qc3 30. Nd3 Qxc2 31. a5 Bxa5 0-1

[Event "TCh-TUR 2011"]
[Site "Konya TUR"]
[Date "2011.07.01"]
[Round "4"]
[White "Arduman, Can"]
[Black "Kilicaslan, Hasan"]
[Result "1/2-1/2"]
[WhiteTitle "IM"]
[BlackTitle "IM"]
[WhiteElo "2349"]
[BlackElo "2250"]
[WhiteTeam "Tarsus Zeka Satranc S.K."]
[BlackTeam "Turk Hava Yollari S.K."]
[WhiteFideId "6300022"]
[BlackFideId "6300391"]
[EventDate "2011.06.28"]

1. d4 Nf6 2. c4 g6 3. g3 Bg7 4. Bg2 O-O 5. Nc3 d6 6. Nf3 Nc6 7. O-O a6 8. d5 Na5
9. b3 c5 10. dxc6 Nxc6 11. Bb2 Qa5 12. Rc1 Qh5 13. h4 1/2-1/2

[Event "TCh-TUR 2011"]
[Site "Konya TUR"]
[Date "2011.07.01"]
[Round "4"]
[White "Yaramis, Hakan"]
[Black "Bayram, Yakup"]
[Result "1/2-1/2"]
[BlackTitle "FM"]
[WhiteElo "2094"]
[BlackElo "2268"]
[WhiteTeam "Turk Hava Yollari S.K."]
[BlackTeam "Tarsus Zeka Satranc S.K."]
[WhiteFideId "6304613"]
[BlackFideId "6300677"]
[EventDate "2011.06.28"]

1. e4 e5 2. d4 exd4 3. Qxd4 Nc6 4. Qe3 g6 5. Bd2 Bg7 6. Bc3 Nf6 7. Nd2 O-O 8.
Bb5 d5 9. Bxc6 bxc6 10. Qc5 Bb7 11. O-O-O Re8 12. exd5 cxd5 13. Ngf3 c6 14. Rhe1
Qb6 15. Qxb6 axb6 16. Rxe8+ Rxe8 17. Bxf6 Bxf6 18. Re1 Ra8 19. a3 c5 20. Ne5 Bc8
21. f4 h5 22. Ndf3 Be6 23. Nxg6 Ra4 24. g3 Re4 25. Nge5 Rxe1+ 26. Nxe1 Bxe5 27.
fxe5 Kg7 28. Kd2 Kg6 29. Ke3 Kf5 30. c3 Kxe5 31. Nd3+ Kd6 32. Nf4 Bg4 1/2-1/2

[Event "TCh-TUR 2011"]
[Site "Konya TUR"]
[Date "2011.07.01"]
[Round "4"]
[White "Erbis, Baris"]
[Black "Gaygusuzoglu, Gokhan"]
[Result "1-0"]
[WhiteElo "1933"]
[BlackElo "1900"]
[WhiteTeam "Turk Hava Yollari S.K."]
[BlackTeam "Tarsus Zeka Satranc S.K."]
[WhiteFideId "6305202"]
[BlackFideId "6306284"]
[EventDate "2011.06.28"]

1. e4 d5 2. exd5 Nf6 3. Bb5+ Bd7 4. Be2 Nxd5 5. d4 Bf5 6. Nf3 e6 7. a3 Be7 8. c4
Nb6 9. O-O O-O 10. Be3 Nc6 11. b4 Bf6 12. b5 Ne7 13. Ra2 Qd7 14. Nbd2 Rad8 15.
a4 Qc8 16. a5 Nd7 17. a6 b6 18. Qa4 c5 19. bxc6 Nxc6 20. Nb3 e5 21. d5 Ne7 22.
Rc1 Qb8 23. Rd2 e4 24. Nfd4 Be5 25. g3 Nf6 26. Ra2 Nc6 27. Rd2 Ne7 28. Nb5 h5
29. d6 Bxd6 30. Bf4 1-0

[Event "TCh-TUR 2011"]
[Site "Konya TUR"]
[Date "2011.07.01"]
[Round "4"]
[White "Benzetsel, Ekim"]
[Black "Ozgur, Emre"]
[Result "0-1"]
[WhiteElo "1778"]
[BlackElo "1732"]
[WhiteTeam "Tarsus Zeka Satranc S.K."]
[BlackTeam "Turk Hava Yollari S.K."]
[WhiteFideId "6332749"]
[BlackFideId "6322824"]
[EventDate "2011.06.28"]

1. e4 e6 2. d4 d5 3. Nc3 Bb4 4. e5 c5 5. Bd2 Ne7 6. Nb5 Bxd2+ 7. Qxd2 O-O 8.
dxc5 Nd7 9. f4 Nxc5 10. O-O-O Ne4 11. Qe1 Qb6 12. Nd4 Nc6 13. Ngf3 Nxd4 14. Nxd4
Bd7 15. Bd3 Qxd4 16. Bxe4 Qa4 17. Bd3 Qxf4+ 18. Kb1 f5 19. exf6 Qxf6 20. Rf1 Qe7
21. Qe5 Rf6 22. Qc7 Re8 23. Qxb7 Bc8 24. Qb3 Ref8 25. Rfe1 Rd8 26. Be2 Qb7 27.
Qxb7 Bxb7 28. Bf3 Ba6 29. b3 Rc8 30. Rd4 Rc7 31. Bg4 Kf7 32. Bf3 Bb5 33. Kb2 Ba6
34. Rh4 Rh6 35. Rxh6 gxh6 36. c3 Bb7 37. Bh5+ Ke7 38. Rf1 Kd6 39. Rf6 Rg7 40. g3
Ke5 41. Rxh6 Bc8 42. Bd1 Ke4 43. Bc2+ Kf3 44. Bxh7 e5 45. Bc2 e4 46. Bd1+ Ke3
47. Kc1 Rc7 48. Rd6 d4 49. c4 Rf7 50. g4 Rf1 51. h3 Kd3 52. Rd8 e3 53. Re8 Bb7
54. g5 Bf3 55. g6 Kc3 0-1

[Event "TCh-TUR 2011"]
[Site "Konya TUR"]
[Date "2011.07.01"]
[Round "4"]
[White "Gundogan, Sinem Cagla"]
[Black "Agun, Lutfiye Selva"]
[Result "1-0"]
[WhiteElo "1433"]
[BlackElo "1572"]
[WhiteTeam "Turk Hava Yollari S.K."]
[BlackTeam "Tarsus Zeka Satranc S.K."]
[WhiteFideId "6325378"]
[BlackFideId "6319149"]
[EventDate "2011.06.28"]

1. e4 c5 2. d4 cxd4 3. c3 dxc3 4. Nxc3 Nc6 5. Nf3 d6 6. Bc4 Nf6 7. e5 Ng4 8. e6
fxe6 9. Ng5 Nce5 10. Bb5+ Bd7 11. Bxd7+ Qxd7 12. f4 Qc6 13. Qe2 Qd7 14. fxe5
Nxe5 15. O-O g6 16. Nb5 a6 17. Nd4 Bg7 18. Ngxe6 Bf6 19. Bg5 Bxg5 20. Nxg5 O-O-O
21. Rac1+ Kb8 22. Nf7 Nxf7 23. Rxf7 Rde8 24. Qe6 Qa4 25. Nf3 Qb5 26. b3 Qb6+ 27.
Kh1 Qd8 28. Re1 d5 29. Rxe7 Rxe7 30. Qxe7 Qa5 31. Qe5+ Ka7 32. Qxh8 g5 33. Qd4+ 1-0

[Event "TCh-TUR 2011"]
[Site "Konya TUR"]
[Date "2011.07.02"]
[Round "5"]
[White "Gagunashvili, Merab"]
[Black "Kulaots, Kaido"]
[Result "1/2-1/2"]
[WhiteTitle "GM"]
[BlackTitle "GM"]
[WhiteElo "2603"]
[BlackElo "2607"]
[WhiteTeam "Turk Hava Yollari S.K."]
[BlackTeam "Gazi Universitesi S.K."]
[WhiteFideId "13601652"]
[BlackFideId "4500261"]
[EventDate "2011.06.28"]

1. d4 Nf6 2. c4 e6 3. Nc3 Bb4 4. Qc2 d5 5. cxd5 exd5 6. Bg5 c5 7. dxc5 h6 8. Bh4
g5 9. Bg3 Ne4 10. e3 Qa5 11. Be5 O-O 12. Bd3 Nc6 13. Bxe4 dxe4 14. Bd6 Re8 15.
Ne2 Bxc5 16. Bxc5 Qxc5 17. O-O f5 18. Rfd1 Be6 19. Nd4 Nxd4 20. Rxd4 Red8 21.
Rad1 Rxd4 22. Rxd4 Rc8 23. Qd2 Kf7 24. Qd1 b5 25. a3 a5 26. Rd2 b4 27. axb4 axb4
28. Ne2 Qc4 29. h3 Rc7 30. Kh2 Qb3 31. Qa1 Qa2 32. Qd1 Qa5 33. Nd4 Qe5+ 34. g3
Kg7 35. Qa4 Bf7 36. Qxb4 f4 37. Ne2 fxe3 38. fxe3 Rc4 39. Qb7 h5 40. Qd7 h4 41.
Kg2 Rb4 42. gxh4 Rxb2 43. Rxb2 Qxb2 44. Qg4 Qc2 45. Kg3 Qd1 46. Qxg5+ Kh7 47.
Nd4 Qe1+ 48. Kf4 Qf2+ 49. Ke5 Bg6 50. h5 Qh2+ 51. Qf4 Qxf4+ 52. Kxf4 Bxh5 53.
Kxe4 Kh6 54. Kf5 Bg6+ 55. Kf4 Kh5 56. Nf5 Bf7 57. e4 Bc4 58. e5 Bd5 59. Kg3 Kg5
60. Ne3 Bf7 61. h4+ Kg6 62. Kf4 Kh5 63. Ng2 Kg6 64. Ke4 Kh5 65. Kf5 Bg6+ 66. Kf4
Bf7 67. Kg3 Kg6 68. Ne3 Be6 69. Kf4 Kh5 70. Kg3 Kg6 71. Ng4 Kf5 72. h5 Kg5 73.
Nf6 Bf7 74. Kf3 Kf5 75. h6 Kg6 1/2-1/2

[Event "TCh-TUR 2011"]
[Site "Konya TUR"]
[Date "2011.07.02"]
[Round "5"]
[White "Melia, Salome"]
[Black "Gencer, Ozlem"]
[Result "1-0"]
[WhiteTitle "IM"]
[WhiteElo "2444"]
[BlackElo "1870"]
[WhiteTeam "Turk Hava Yollari S.K."]
[BlackTeam "Gazi Universitesi S.K."]
[WhiteFideId "13602446"]
[BlackFideId "6305237"]
[EventDate "2011.06.28"]

1. e4 e6 2. d4 d5 3. Nd2 Nf6 4. Bd3 Be7 5. Ngf3 O-O 6. O-O c5 7. dxc5 Bxc5 8.
Qe2 Nc6 9. c3 h6 10. e5 Nd7 11. Nb3 Bb6 12. Nbd4 Re8 13. Bc2 f5 14. exf6 Qxf6
15. Nb5 a6 16. Nd6 Re7 17. Qd3 Nf8 18. Be3 Bc7 19. Bc5 Rd7 20. Ne8 Qf7 21. Nxc7
Rxc7 22. Bd6 Rd7 23. Ne5 Nxe5 24. Bxe5 Rd8 25. Rfe1 Bd7 26. Re3 Be8 27. Rg3 g6
28. Qe3 h5 29. Qg5 Qh7 30. Bd1 Rd7 31. Bxh5 1-0

[Event "TCh-TUR 2011"]
[Site "Konya TUR"]
[Date "2011.07.02"]
[Round "5"]
[White "Durarbeyli, Vasif"]
[Black "Erbis, Baris"]
[Result "1/2-1/2"]
[WhiteTitle "GM"]
[WhiteElo "2511"]
[BlackElo "1933"]
[WhiteTeam "Gazi Universitesi S.K."]
[BlackTeam "Turk Hava Yollari S.K."]
[WhiteFideId "13402935"]
[BlackFideId "6305202"]
[EventDate "2011.06.28"]

1. e4 d6 2. d4 Nf6 3. Nc3 g6 4. Bg5 Bg7 5. Qd2 h6 6. Bf4 g5 7. Bg3 Nh5 8. O-O-O
c6 9. Qe3 Nxg3 10. hxg3 b5 11. Kb1 Qa5 12. f4 b4 13. Nce2 g4 14. Nc1 Qb6 15.
Nge2 Nd7 16. f5 c5 17. dxc5 Nxc5 18. Nd3 Bb7 19. Nxc5 Qxc5 20. Qxc5 dxc5 21. Rh4
Bxe4 22. Rxg4 Bxf5 23. Rc4 1/2-1/2

[Event "TCh-TUR 2011"]
[Site "Konya TUR"]
[Date "2011.07.02"]
[Round "5"]
[White "Yargici, Mazhar Kutay"]
[Black "Dastan, Batuhan"]
[Result "0-1"]
[WhiteElo "1926"]
[BlackElo "2191"]
[WhiteTeam "Turk Hava Yollari S.K."]
[BlackTeam "Gazi Universitesi S.K."]
[WhiteFideId "6310400"]
[BlackFideId "6300014"]
[EventDate "2011.06.28"]

1. d4 Nf6 2. c4 g6 3. Nc3 Bg7 4. e4 d6 5. f4 O-O 6. Nf3 c5 7. d5 e6 8. Bd3 exd5
9. cxd5 Bg4 10. O-O a6 11. a4 Qc7 12. Bc4 Re8 13. Re1 Nbd7 14. h3 Bxf3 15. Qxf3
Nb6 16. Ba2 c4 17. Be3 Nbd7 18. Rad1 Rab8 19. Ba7 Rbc8 20. Bd4 Qb8 21. a5 Qc7
22. Kh1 h5 23. Bb1 Nh7 24. Bxg7 Kxg7 25. e5 Nc5 26. Ne4 Nxe4 27. Qxe4 Qxa5 28.
e6 c3 29. b4 Qc7 30. Bd3 Nf6 31. Qd4 c2 32. Rc1 Qc3 33. Re4 Qd2 34. Ree1 Rc3 35.
Qb6 Rxd3 36. Qxb7 Kh6 37. Qxf7 Qxe1+ 38. Rxe1 Rd1 39. f5 Rxe1+ 40. Kh2 Rh1+ 41.
Kg3 Ne4+ 42. Kf3 Ng5+ 0-1